Quick Pick: Settlers of Catan Cards Quiz Stats

 Plays Quiz Updated Jul 23, 2017

Support Sporcle.
Go Orange.
Score 0/10 Timer 01:00
0 Plays Today
% Correct
Brick
84.1%
Ore
82.8%
Wheat
82.5%
Sheep
80.7%
Timber
80.4%
Road Building
75.7%
Victory Point
67.9%
Year of Plenty
65%
Knight
59.6%
Monopoly
52%

Today's Daily Dose

You're not logged in!

Compare scores with friends on all Sporcle quizzes.
OR
Log In
Forgot?

From the Vault

(Parenthetical) Song Titles

by superfly360

Some of these artists should be fined for their misuse of parentheses.
Remove Ads.
Support Sporcle.
Get the best of Sporcle when you Go Orange. This ad-free experience offers more features, more stats, and more fun while also helping to support Sporcle. Thank you for becoming a member.

Show Comments

Extras

Top Quizzes Today


Score Distribution

Your Account Isn't Verified!

In order to create a playlist on Sporcle, you need to verify the email address you used during registration. Go to your Sporcle Settings to finish the process.

Report this User

Report this user for behavior that violates our Community Guidelines.

Details: